000 00654nam a2200253Ia 4500
005 20260121155424.0
008 008 260114s9999 xx 000 0 eng d
020 _a9781003008781
037 _aEBOOK
040 _aCRL
040 _beng
040 _cCRL
041 _2eng
041 _aeng
084 _qCRL
100 _a Miriam Jaffe; Widian Nicola; Jerry Floersch; Jeffrey Longhofer
_91019300
245 0 _aSpirituality in Mental Health Practice
260 _bTaylor and Francis
260 _c2020
856 _uhttp://www.taylorfrancis.com/books/9781003008781
942 _cEBOOK
999 _c1586119
_d1586119